00333nam a2200121Ia 4500008004100000041000800041082001200049100001800061245004500079260004600124300003000170365001100200240624s9999 xx 000 0 und d aeng a020 KAH aKAHN MIRIAM B aDISASTER RESPONSE AND PLANNING FOR LIBRA c2009aNew DelhibIndiana Publishing House axi, : 152 : p. : cm. ; 28 cRSb20